| 000 | 00702cab a2200253 4500 | ||
|---|---|---|---|
| 001 | ABS51894 | ||
| 008 | 090401t1994 xxu||||| |||| 00| 0 eng d | ||
| 035 | _a(Sirsi) u49186 | ||
| 041 | _aeng | ||
| 100 | _aHowell, J. | ||
| 245 | _aCavity fall | ||
| 260 | _c1994 | ||
| 350 | _a0 | ||
| 490 |
_aNew Builder _v(240) 9/16 December 1994, 10-11(2) |
||
| 520 | _aExamines the failure of cavity walls and claims that the fault is often poor design rather than construction. | ||
| 650 | _aBUILDING DEFECTS | ||
| 650 | _aCAVITY WALLS | ||
| 650 | _aCONDENSATION | ||
| 650 | _aDESIGN | ||
| 650 | _aWALL TIES | ||
| 690 | _aBUILT ENVIRONMENT-BUILDING PATHOLOGY | ||
| 942 | _n0 | ||
| 948 | _c04/03/1997 | ||
| 999 |
_c30790 _d30790 |
||